000
00266nam a2200097Ia 4500
001
1250826
005
20251031150904.0
008
251031s9999 xx 000 0 und d
245
0
_c
JON SCİESZKA
_a
J-1 NE HALİN VARSA GÖR GLADYATÖR
260
_b
GÜNIŞIĞI YAYINLARI
999
_c
1250826
_d
1250826